[Event "FRA-chT1 0910"]
[Site "France"]
[Date "2009.11.22"]
[Round "5.1"]
[White "Bratanov, Zsivko"]
[Black "Zharkov, Hleb"]
[Result "1-0"]
[WhiteElo "2457"]
[BlackElo "2232"]
[PlyCount "59"]
[EventDate "2009.09.27"]
[EventType "team-tourn"]
[EventRounds "11"]
[EventCountry "FRA"]
[SourceTitle "EXT 2011"]
[Source "ChessBase"]
[SourceDate "2010.11.26"]
[SourceVersion "1"]
[SourceVersionDate "2010.11.26"]
[SourceQuality "1"]

1. d4 f5 2. Nc3 Nf6 3. Bg5 d5 4. e3 Be6 5. Nge2 Qd7 6. Nf4 Bf7 7. Nd3 Nc6 8. Nc5 Qc8 9. Bb5 e6 10. Nd3 Bd6 11. Na4 a6 12. Bxc6+ bxc6 13. Nac5 Nd7 14. Qd2 Bxc5 15. dxc5 e5 16. Qc3 h6 17. Bh4 0-0 18. Nxe5 Nxe5 19. Qxe5 Re8 20. Qg3 Re4 21. 0-0-0 g5 22. f4 Qe6 23. fxg5 Rg4 24. Qh3 hxg5 25. Be1 Kg7 26. Bc3+ Kg6 27. Rd4 Re4 28. Qg3 Rxe3 29. Qxc7 Qe8 30. Qc8 1-0

[Event "FRA-chT1 0910"]
[Site "France"]
[Date "2009.11.21"]
[Round "4.2"]
[White "Zharkov, Hleb"]
[Black "Rusev, Krasimir"]
[Result "0-1"]
[WhiteElo "2232"]
[BlackElo "2537"]
[PlyCount "37"]
[EventDate "2009.09.27"]
[EventType "team-tourn"]
[EventRounds "11"]
[EventCountry "FRA"]
[SourceTitle "EXT 2011"]
[Source "ChessBase"]
[SourceDate "2010.11.26"]
[SourceVersion "1"]
[SourceVersionDate "2010.11.26"]
[SourceQuality "1"]

1. d4 d5 2. Nf3 Nf6 3. c4 e6 4. Nc3 dxc4 5. Bg5 Bb4 6. Qa4+ Nc6 7. e3 Bd7 8. Qc2 b5 9. a3 Ba5 10. Be2 h6 11. Bh4 Ne7 12. Bxf6 gxf6 13. 0-0 Bxc3 14. bxc3 Bc6 15. e4 f5 16. d5 exd5 17. exf5 Qd6 18. Nd4 Bd7 19. Bh5 0-1

[Event "Metz op 26th"]
[Site "Metz"]
[Date "2008.04.21"]
[Round "3"]
[White "Schweitzer, Marc"]
[Black "Zharkov, Hleb"]
[Result "1-0"]
[WhiteElo "1913"]
[BlackElo "2262"]
[PlyCount "70"]
[EventDate "2008.04.19"]
[EventType "swiss"]
[EventRounds "9"]
[EventCountry "FRA"]
[SourceTitle "CBM 123 Extra"]
[Source "ChessBase"]
[SourceDate "2008.05.06"]
[SourceVersion "1"]
[SourceVersionDate "2008.05.06"]
[SourceQuality "1"]

1. d4 f5 2. g3 Nf6 3. Bg2 e6 4. b3 d6 5. Bb2 Be7 6. e3 0-0 7. Ne2 Qe8 8. Nd2 Nc6 9. Nf3 e5 10. 0-0 e4 11. Nd2 Qh5 12. a3 g5 13. c4 Bd7 14. b4 Rad8 15. b5 Nb8 16. Nc3 Qh6 17. a4 Ng4 18. h3 Nf6 19. Re1 f4 20. Ncxe4 fxg3 21. Nxf6+ Rxf6 22. fxg3 Bxh3 23. Rf1 g4 24. Bd5+ Kh8 25. Rf4 Rxf4 26. exf4 c6 27. Bh1 Bf6 28. Ne4 Bg7 29. Qd2 d5 30. cxd5 cxd5 31. Nc5 b6 32. Nd3 Qd6 33. Ne5 Kg8 34. Ba3 Qe6 35. Qa2 Qf5 1-0

[Event "FRA-chT2 South 0708"]
[Site "France"]
[Date "2008.04.05"]
[Round "10.3"]
[White "Zharkov, Hleb"]
[Black "Sandu, Mihaela"]
[Result "0-1"]
[WhiteElo "2262"]
[BlackElo "2325"]
[PlyCount "58"]
[EventDate "2007.10.21"]
[EventType "team"]
[EventRounds "11"]
[EventCountry "FRA"]
[SourceTitle "EXT 2009"]
[Source "ChessBase"]
[SourceDate "2008.11.26"]
[SourceVersion "1"]
[SourceVersionDate "2008.11.26"]
[SourceQuality "1"]
[WhiteTeam "Montpellier II"]
[BlackTeam "Chamalieres"]
[WhiteTeamCountry "FRA"]
[BlackTeamCountry "FRA"]

1. d4 f5 2. c4 Nf6 3. Nc3 g6 4. g3 Bg7 5. Bg2 0-0 6. Nf3 d6 7. 0-0 Qe8 8. Re1 Qf7 9. b3 Ne4 10. Bb2 Nc6 11. Rc1 e5 12. dxe5 dxe5 13. Nxe4 fxe4 14. Ng5 Qxf2+ 15. Kh1 Qf5 16. Qd5+ Kh8 17. Nxe4 Qh5 18. Rf1 Bg4 19. Rxf8+ Rxf8 20. Nc5 Bxe2 21. Ne6 Bf3 22. Bxf3 Qxf3+ 23. Qxf3 Rxf3 24. Nxc7 Rf2 25. Rb1 e4 26. Bxg7+ Kxg7 27. Re1 Nd4 28. Kg1 Rd2 29. Rxe4 Nf3+ 0-1

[Event "FRA-chT2 South 0708"]
[Site "France"]
[Date "2008.01.19"]
[Round "5.3"]
[White "Zharkov, Hleb"]
[Black "Diaz, Franck"]
[Result "1-0"]
[WhiteElo "2253"]
[BlackElo "2184"]
[PlyCount "57"]
[EventDate "2007.10.21"]
[EventType "team"]
[EventRounds "11"]
[EventCountry "FRA"]
[SourceTitle "EXT 2009"]
[Source "ChessBase"]
[SourceDate "2008.11.26"]
[SourceVersion "1"]
[SourceVersionDate "2008.11.26"]
[SourceQuality "1"]
[WhiteTeam "Montpellier II"]
[BlackTeam "Vitrolles"]
[WhiteTeamCountry "FRA"]
[BlackTeamCountry "FRA"]

1. d4 e6 2. Nf3 f5 3. Bg5 Be7 4. Qd2 b6 5. Nc3 d5 6. Bxe7 Qxe7 7. g4 fxg4 8. Ne5 Nf6 9. h3 g3 10. fxg3 Nbd7 11. 0-0-0 0-0 12. Bg2 Bb7 13. Rhe1 c5 14. e4 cxd4 15. Qxd4 Nxe5 16. Qxe5 Nd7 17. Qc7 Ba6 18. exd5 Rac8 19. Qxa7 Ra8 20. Qxa8 Rxa8 21. dxe6 Nf6 22. Bxa8 Bc4 23. Nd5 Bxd5 24. Bxd5 g6 25. Bb3 Kg7 26. g4 g5 27. Rf1 Qc5 28. Rde1 Ne8 29. e7 1-0

[Event "Montpellier op"]
[Site "Montpellier"]
[Date "2007.12.28"]
[Round "6"]
[White "Bricard, Emmanuel"]
[Black "Zharkov, Hleb"]
[Result "0-1"]
[WhiteElo "2490"]
[BlackElo "2239"]
[PlyCount "170"]
[EventDate "2007.12.26"]
[EventType "swiss"]
[EventRounds "7"]
[EventCountry "FRA"]
[SourceTitle "CBM 122 Extra"]
[Source "ChessBase"]
[SourceDate "2008.03.04"]
[SourceVersion "1"]
[SourceVersionDate "2008.03.04"]
[SourceQuality "1"]

1. e4 d6 2. Nc3 e5 3. f4 exf4 4. d4 Qh4+ 5. Ke2 Bg4+ 6. Nf3 Nc6 7. Bxf4 0-0-0 8. Ke3 Qe7 9. h3 Bf5 10. d5 Bxe4 11. Kf2 Bxf3 12. Qxf3 Nd4 13. Qg4+ f5 14. Qd1 c5 15. dxc6 Nxc6 16. Qd5 g6 17. Bc4 Nf6 18. Qe6+ Qxe6 19. Bxe6+ Kb8 20. Rad1 Be7 21. Rhe1 Ne5 22. Kg1 Nh5 23. Bh6 Bh4 24. Re2 Rhe8 25. Bb3 Bg3 26. Red2 a6 27. Bg5 Rd7 28. Ne2 f4 29. Nxg3 fxg3 30. Rf1 Ng7 31. c4 Nf5 32. Ba4 Nc6 33. Bc2 Ne5 34. b3 Rf8 35. Bh6 Rff7 36. Bf4 b6 37. Be4 Kc7 38. Bd5 Rfe7 39. b4 Kc8 40. Rfd1 Rc7 41. Rc2 h6 42. Rc3 Nc6 43. a3 Ncd4 44. Bf3 Nxf3+ 45. Rxf3 Rxc4 46. Bxg3 Nxg3 47. Rxg3 Re6 48. Rf3 Kd7 49. Kf2 Kc6 50. g4 Rc2+ 51. Kg3 g5 52. Rfd3 Kb5 53. h4 gxh4+ 54. Kxh4 Kc6 55. Kg3 Rc4 56. Rh1 Rg6 57. Rh4 d5 58. Kf3 Rf6+ 59. Kg3 Re4 60. Rh5 d4 61. g5 hxg5 62. Rxg5 Rd6 63. Kf3 Re1 64. Rg4 Ra1 65. Ke4 Kb5 66. Ke5 Rd8 67. Rgxd4 Rxd4 68. Kxd4 Ka4 69. b5 Kxb5 70. Rb3+ Ka5 71. Kc3 Ra2 72. Kd4 Rc2 73. Rc3 Rxc3 74. Kxc3 Kb5 75. Kb3 Kc6 76. Kc4 b5+ 77. Kb3 a5 78. Kc3 Kc5 79. Kd3 Kd5 80. Kc3 Ke4 81. a4 b4+ 82. Kd2 Kd4 83. Kc2 Kc4 84. Kb2 Kc5 85. Kc1 b3 0-1

[Event "Montpellier op"]
[Site "Montpellier"]
[Date "2007.12.28"]
[Round "7"]
[White "Zharkov, Hleb"]
[Black "Bouguerra, Tayeb"]
[Result "1-0"]
[WhiteElo "2239"]
[BlackElo "2018"]
[PlyCount "63"]
[EventDate "2007.12.26"]
[EventType "swiss"]
[EventRounds "7"]
[EventCountry "FRA"]
[SourceTitle "CBM 122 Extra"]
[Source "ChessBase"]
[SourceDate "2008.03.04"]
[SourceVersion "1"]
[SourceVersionDate "2008.03.04"]
[SourceQuality "1"]

1. Nf3 d6 2. g3 e5 3. d3 f5 4. Bg2 Nf6 5. c4 Be7 6. Nc3 0-0 7. Bg5 Nbd7 8. Nh4 Nc5 9. b4 Ne6 10. Bd2 Nd4 11. e3 Nc6 12. b5 Nb8 13. Nf3 c6 14. a4 Qc7 15. 0-0 Nbd7 16. a5 Nc5 17. Ne1 Be6 18. Na4 d5 19. cxd5 cxd5 20. Rc1 d4 21. Nxc5 Bxc5 22. exd4 exd4 23. Bf4 Qe7 24. Nf3 Rac8 25. Re1 Nd5 26. Ng5 Nc3 27. Rxc3 dxc3 28. Rxe6 c2 29. Qh5 g6 30. Rxg6+ hxg6 31. Qxg6+ Kh8 32. Be5+ 1-0

[Event "Montpellier op"]
[Site "Montpellier"]
[Date "2007.12.28"]
[Round "5"]
[White "Zharkov, Hleb"]
[Black "Vaklinov, Vasil"]
[Result "1/2-1/2"]
[WhiteElo "2239"]
[BlackElo "2181"]
[PlyCount "84"]
[EventDate "2007.12.26"]
[EventType "swiss"]
[EventRounds "7"]
[EventCountry "FRA"]
[SourceTitle "CBM 122 Extra"]
[Source "ChessBase"]
[SourceDate "2008.03.04"]
[SourceVersion "1"]
[SourceVersionDate "2008.03.04"]
[SourceQuality "1"]

1. d4 Nf6 2. Nf3 d5 3. c4 c6 4. e3 e6 5. Nbd2 Bd6 6. Bd3 Nbd7 7. 0-0 0-0 8. e4 dxe4 9. Nxe4 Nxe4 10. Bxe4 Nf6 11. Bg5 h6 12. Bxf6 Qxf6 13. c5 Bc7 14. Re1 Rd8 15. Qe2 g6 16. Bc2 b6 17. b4 Bb7 18. a3 a5 19. Bb3 Kg7 20. Rad1 axb4 21. axb4 bxc5 22. bxc5 Ba6 23. Qc2 Bb5 24. Ne5 Qf4 25. g3 Qf6 26. Kg2 h5 27. Re3 Bxe5 28. dxe5 Qg5 29. h4 Qg4 30. Rf3 Rxd1 31. Qxd1 Qe4 32. Bc2 Qxe5 33. Qd7 Rf8 34. Qe7 Bc4 35. Rf4 Bd5+ 36. Kf1 Qa1+ 37. Ke2 Qe5+ 38. Kf1 Qa1+ 39. Ke2 Qc3 40. Bxg6 Bc4+ 41. Kd1 Bb3+ 42. Ke2 Bc4+ 1/2-1/2

[Event "Montpellier op"]
[Site "Montpellier"]
[Date "2007.12.27"]
[Round "4"]
[White "Jeanjean, Laurent"]
[Black "Zharkov, Hleb"]
[Result "0-1"]
[WhiteElo "1996"]
[BlackElo "2239"]
[PlyCount "91"]
[EventDate "2007.12.26"]
[EventType "swiss"]
[EventRounds "7"]
[EventCountry "FRA"]
[SourceTitle "CBM 122 Extra"]
[Source "ChessBase"]
[SourceDate "2008.03.04"]
[SourceVersion "1"]
[SourceVersionDate "2008.03.04"]
[SourceQuality "1"]

1. d4 f5 2. Bg5 h6 3. Bh4 g5 4. e4 Nf6 5. e5 e6 6. exf6 Qxf6 7. Qh5+ Qf7 8. Be2 Bg7 9. Qxf7+ Kxf7 10. Bh5+ Ke7 11. Nf3 gxh4 12. Nxh4 Rg8 13. c3 c5 14. d5 Kf6 15. Nd2 Kg5 16. Bf7 Rf8 17. Ndf3+ Kf6 18. Bh5 e5 19. Ng6 Re8 20. Ngxe5 Rxe5+ 21. Nxe5 Kxe5 22. 0-0-0 b5 23. Rhe1+ Kd6 24. Re8 Bb7 25. Rg8 Be5 26. Rg6+ Kc7 27. g3 Na6 28. f4 Bh8 29. Rxh6 c4 30. Bg6 b4 31. d6+ Kb6 32. Bxf5 bxc3 33. bxc3 Bc6 34. Kc2 Ba4+ 35. Kc1 Bxd1 36. Kxd1 Nc5 37. Kc2 Re8 38. Kd2 Na4 39. Bg4 Bxc3+ 40. Kc2 Re4 41. Rh7 Rd4 42. Bxd7 Rd2+ 43. Kc1 Nc5 44. a4 Nd3+ 45. Kb1 Rb2+ 46. Ka1 0-1

[Event "FRA-chT2 South 0708"]
[Site "France"]
[Date "2007.12.16"]
[Round "4.4"]
[White "Zharkov, Hleb"]
[Black "Bes, Stephane"]
[Result "1/2-1/2"]
[WhiteElo "2239"]
[BlackElo "2134"]
[PlyCount "38"]
[EventDate "2007.10.21"]
[EventType "team"]
[EventRounds "11"]
[EventCountry "FRA"]
[SourceTitle "EXT 2009"]
[Source "ChessBase"]
[SourceDate "2008.11.26"]
[SourceVersion "1"]
[SourceVersionDate "2008.11.26"]
[SourceQuality "1"]
[WhiteTeam "Montpellier II"]
[BlackTeam "Nice"]
[WhiteTeamCountry "FRA"]
[BlackTeamCountry "FRA"]

1. d4 Nf6 2. Bg5 Ne4 3. Bf4 d5 4. e3 c5 5. dxc5 Nc6 6. Bd3 Nxc5 7. Nc3 a6 8. Nf3 Bg4 9. Be2 e6 10. a3 Be7 11. 0-0 Bf5 12. b4 Ne4 13. Nxe4 Bxe4 14. c4 0-0 15. Bd3 Bxd3 16. Qxd3 dxc4 17. Qxc4 Rc8 18. Rfd1 Qb6 19. Rac1 Na7 1/2-1/2

[Event "FRA-chT2 South 0708"]
[Site "France"]
[Date "2007.11.24"]
[Round "2.2"]
[White "Garrel, Alain"]
[Black "Zharkov, Hleb"]
[Result "0-1"]
[WhiteElo "2157"]
[BlackElo "2239"]
[PlyCount "90"]
[EventDate "2007.10.21"]
[EventType "team"]
[EventRounds "11"]
[EventCountry "FRA"]
[SourceTitle "EXT 2009"]
[Source "ChessBase"]
[SourceDate "2008.11.26"]
[SourceVersion "1"]
[SourceVersionDate "2008.11.26"]
[SourceQuality "1"]
[WhiteTeam "Tournefeuille"]
[BlackTeam "Montpellier II"]
[WhiteTeamCountry "FRA"]
[BlackTeamCountry "FRA"]

1. d4 f5 2. Nf3 Nf6 3. c4 e6 4. g3 Be7 5. Bg2 d6 6. 0-0 0-0 7. Nc3 a5 8. Qc2 Nc6 9. a3 e5 10. dxe5 dxe5 11. e4 fxe4 12. Nxe4 Qe8 13. Bg5 Qh5 14. Bxf6 gxf6 15. c5 f5 16. Qc4+ Qf7 17. Qxf7+ Rxf7 18. Nc3 e4 19. Nd2 Bxc5 20. Nc4 Be6 21. Ne3 Ne5 22. Ncd5 Nd3 23. b4 Bd4 24. Rab1 axb4 25. Nxb4 Rxa3 26. Nec2 c5 27. Nxa3 cxb4 28. Nc2 Bc3 29. Na1 Ba2 30. Nb3 b6 31. Rfd1 Nc5 32. Nxc5 Bxb1 33. Rxb1 bxc5 34. Bf1 Kg7 35. Bc4 Re7 36. Kf1 Kf6 37. Ke2 Bd4 38. Rd1 Ra7 39. Bb3 Ra3 40. Rb1 Ke5 41. Bc4 Rf3 42. Rf1 h6 43. Bf7 b3 44. Bh5 Rxf2+ 45. Rxf2 Bxf2 0-1

[Event "Montpellier op"]
[Site "Montpellier"]
[Date "2007.07.09"]
[Round "3"]
[White "Apicella, Manuel"]
[Black "Zharkov, Hleb"]
[Result "1-0"]
[WhiteElo "2533"]
[BlackElo "2204"]
[PlyCount "80"]
[EventDate "2007.12.26"]
[EventType "swiss"]
[EventRounds "7"]
[EventCountry "FRA"]
[SourceTitle "CBM 119 Extra"]
[Source "ChessBase"]
[SourceDate "2007.09.04"]
[SourceVersion "1"]
[SourceVersionDate "2007.09.04"]
[SourceQuality "1"]

1. e4 d6 2. d4 Nf6 3. Nc3 g6 4. Be3 c6 5. Qd2 Qa5 6. f3 Nbd7 7. Nh3 b5 8. Nf2 Bg7 9. Be2 a6 10. 0-0 Bb7 11. a3 0-0 12. g4 Qc7 13. g5 Ne8 14. f4 f5 15. h4 e5 16. Rad1 exd4 17. Bxd4 fxe4 18. Bxg7 Nxg7 19. Qxd6 Qxd6 20. Rxd6 Nb6 21. Nfxe4 Nf5 22. Re6 Kf7 23. Nc5 Nd7 24. N3e4 Rfe8 25. Rxe8 Rxe8 26. Nxd7 Rxe4 27. Bd3 Re3 28. Bxf5 gxf5 29. h5 Re2 30. Rf2 Re1+ 31. Kh2 c5 32. Nxc5 Rh1+ 33. Kg3 Bd5 34. Rd2 Rg1+ 35. Kf2 Rg2+ 36. Ke3 Rg3+ 37. Kd4 Bg2 38. Rd3 Rg4 39. Ke5 Rh4 40. Rd7+ Ke8 1-0

[Event "FRA-chT2 South 0607"]
[Site "France"]
[Date "2007.02.11"]
[Round "7.2"]
[White "Boyd, Stephen"]
[Black "Zharkov, Hleb"]
[Result "1-0"]
[WhiteElo "2311"]
[BlackElo "2200"]
[PlyCount "75"]
[EventDate "2006.10.15"]
[EventType "team"]
[EventRounds "11"]
[EventCountry "FRA"]
[SourceTitle "EXT 2008"]
[Source "ChessBase"]
[SourceDate "2007.11.25"]
[SourceVersion "1"]
[SourceVersionDate "2007.11.25"]
[SourceQuality "1"]
[WhiteTeam "Saint Affrique"]
[BlackTeam "Palavas les Flots"]
[WhiteTeamCountry "FRA"]
[BlackTeamCountry "FRA"]

1. c4 e5 2. g3 Nc6 3. Bg2 g6 4. Nc3 d6 5. Rb1 a5 6. a3 Bg7 7. b4 axb4 8. axb4 Bf5 9. d3 Qd7 10. b5 Nd8 11. Nd5 h6 12. b6 Rc8 13. bxc7 Rxc7 14. Nxc7+ Qxc7 15. Qa4+ Bd7 16. Qb4 Bc6 17. Bxc6+ bxc6 18. Ba3 Bf8 19. Nf3 Be7 20. Qb6 Qxb6 21. Rxb6 c5 22. Nd2 Nf6 23. e3 0-0 24. Ke2 Ne6 25. Bb2 Rd8 26. Rb7 Kf8 27. Ra1 d5 28. Raa7 Re8 29. Nb1 Nd8 30. Rb6 Ne6 31. Nc3 Rd8 32. Rbb7 Re8 33. Nb5 Nh5 34. g4 Nhg7 35. Rd7 Nd8 36. Nd6 Nc6 37. Nxe8 Kxe8 38. Rxe7+ 1-0

[Event "FRA-chT2 South 0607"]
[Site "France"]
[Date "2007.01.20"]
[Round "5.3"]
[White "Fejzovski, Enver"]
[Black "Zharkov, Hleb"]
[Result "1/2-1/2"]
[WhiteElo "2150"]
[BlackElo "2200"]
[PlyCount "92"]
[EventDate "2006.10.15"]
[EventType "team"]
[EventRounds "11"]
[EventCountry "FRA"]
[SourceTitle "EXT 2008"]
[Source "ChessBase"]
[SourceDate "2007.11.25"]
[SourceVersion "1"]
[SourceVersionDate "2007.11.25"]
[SourceQuality "1"]
[WhiteTeam "Pau Henri IV"]
[BlackTeam "Palavas les Flots"]
[WhiteTeamCountry "FRA"]
[BlackTeamCountry "FRA"]

1. Nf3 d5 2. c4 c6 3. cxd5 cxd5 4. d4 Nc6 5. Nc3 e6 6. Bf4 Bd6 7. Bxd6 Qxd6 8. e3 Nge7 9. Bd3 f5 10. 0-0 0-0 11. Rc1 Bd7 12. Nb5 Qb8 13. Qd2 Kh8 14. Rfe1 Ng8 15. Nc3 Nf6 16. Bb5 Ne7 17. Ne5 Bxb5 18. Nxb5 Nc6 19. Nxc6 bxc6 20. Nc3 Qd6 21. f3 c5 22. dxc5 Qxc5 23. Ne2 Qe7 24. Nd4 Nd7 25. Rc7 a6 26. Rec1 Qe8 27. Qa5 f4 28. exf4 Rxf4 29. Ne2 Rf8 30. Qa4 Nf6 31. Qxe8 Rfxe8 32. f4 h6 33. b4 e5 34. fxe5 Rxe5 35. Nd4 Re4 36. Rd1 Rae8 37. h3 Re1+ 38. Rxe1 Rxe1+ 39. Kh2 Rd1 40. Ne6 d4 41. Rc8+ Kh7 42. Rd8 d3 43. Nf8+ Kg8 44. Ng6+ Kh7 45. Nf8+ Kg8 46. Ng6+ Kh7 1/2-1/2

[Event "Saint Affrique op 15th"]
[Site "Saint Affrique"]
[Date "2007.??.??"]
[Round "4"]
[White "Flear, Glenn C"]
[Black "Zharkov, Hleb"]
[Result "1-0"]
[WhiteElo "2479"]
[BlackElo "2204"]
[PlyCount "71"]
[EventDate "2007.07.21"]
[EventType "swiss"]
[EventRounds "9"]
[EventCountry "FRA"]
[SourceTitle "CBM 119 Extra"]
[Source "ChessBase"]
[SourceDate "2007.09.04"]
[SourceVersion "1"]
[SourceVersionDate "2007.09.04"]
[SourceQuality "1"]

1. d4 f5 2. g3 Nf6 3. Bg2 e6 4. Nf3 Be7 5. 0-0 0-0 6. c4 d6 7. Nc3 Qe8 8. b4 Nc6 9. b5 Nd8 10. a4 Qh5 11. Ba3 Nf7 12. e4 Nxe4 13. Nxe4 fxe4 14. Nd2 Qh6 15. Nxe4 e5 16. dxe5 Nxe5 17. c5 Bh3 18. cxd6 cxd6 19. Nxd6 Kh8 20. Bxh3 Qxh3 21. f4 Ng4 22. Qe2 Rf6 23. Nc4 Bxa3 24. Rxa3 Rh6 25. Ne5 Nxe5 26. fxe5 Re6 27. Raf3 h5 28. Qe4 Rg8 29. Rf5 Rg6 30. e6 h4 31. Rh5+ Rh6 32. Rxh6+ gxh6 33. Qe5+ Kh7 34. Rf7+ Kg6 35. Rf6+ Kg7 36. Rf8+ 1-0

[Event "Saint Affrique op 15th"]
[Site "Saint Affrique"]
[Date "2007.??.??"]
[Round "3"]
[White "Zharkov, Hleb"]
[Black "Georgiev, Krum"]
[Result "1/2-1/2"]
[WhiteElo "2204"]
[BlackElo "2500"]
[PlyCount "30"]
[EventDate "2007.07.21"]
[EventType "swiss"]
[EventRounds "9"]
[EventCountry "FRA"]
[SourceTitle "CBM 119 Extra"]
[Source "ChessBase"]
[SourceDate "2007.09.04"]
[SourceVersion "1"]
[SourceVersionDate "2007.09.04"]
[SourceQuality "1"]

1. d4 c5 2. c3 Nf6 3. Nf3 b6 4. Bf4 Bb7 5. e3 d6 6. h3 Nbd7 7. Nbd2 g6 8. Bh2 Bg7 9. Be2 0-0 10. 0-0 Re8 11. Qb3 a6 12. a4 Bc6 13. Bc4 d5 14. Be2 Qc8 15. Ne5 Qb7 1/2-1/2

[Event "FRA-chT2 South 0607"]
[Site "France"]
[Date "2006.11.25"]
[Round "2.5"]
[White "Diaz, Mickael"]
[Black "Zharkov, Hleb"]
[Result "0-1"]
[WhiteElo "2228"]
[BlackElo "2209"]
[PlyCount "80"]
[EventDate "2006.10.15"]
[EventType "team"]
[EventRounds "11"]
[EventCountry "FRA"]
[SourceTitle "EXT 2008"]
[Source "ChessBase"]
[SourceDate "2007.11.25"]
[SourceVersion "1"]
[SourceVersionDate "2007.11.25"]
[SourceQuality "1"]
[WhiteTeam "Vitrolles"]
[BlackTeam "Palavas les Flots"]
[WhiteTeamCountry "FRA"]
[BlackTeamCountry "FRA"]

1. c4 e5 2. Nc3 d6 3. g3 Nc6 4. Bg2 g6 5. e3 Bg7 6. Nge2 Nge7 7. 0-0 0-0 8. d3 Be6 9. b3 d5 10. Ba3 Re8 11. Qc2 a5 12. Rac1 Rc8 13. h3 Nb4 14. Qb1 c6 15. Na4 b6 16. Bb2 h5 17. a3 Na6 18. Ba1 b5 19. cxb5 cxb5 20. Rxc8 Qxc8 21. Rc1 Qd7 22. Nc5 Nxc5 23. Rxc5 Bxh3 24. Bxh3 Qxh3 25. Rxb5 h4 26. Qf1 Qg4 27. Rxa5 e4 28. dxe4 Bxa1 29. exd5 hxg3 30. Nxg3 Be5 31. Qc4 Qd7 32. Nf1 Rc8 33. Rc5 Rxc5 34. Qxc5 Qg4+ 35. Kh1 Qh4+ 36. Kg1 Qg4+ 37. Kh1 Nf5 38. f4 Qe2 39. Qc4 Qf3+ 40. Kh2 Nxe3 0-1

[Event "FRA-chT Top 16 GpA"]
[Site "France"]
[Date "2006.04.01"]
[Round "6"]
[White "Clement, Olivier"]
[Black "Zharkov, Hleb"]
[Result "1-0"]
[WhiteElo "2113"]
[BlackElo "2235"]
[PlyCount "77"]
[EventDate "2006.02.03"]
[EventType "team-tourn"]
[EventRounds "7"]
[EventCountry "FRA"]
[SourceTitle "CBM 111 Extra"]
[Source "ChessBase"]
[SourceDate "2006.05.09"]
[SourceVersion "1"]
[SourceVersionDate "2006.05.09"]
[SourceQuality "1"]
[WhiteTeam "Avignon"]
[BlackTeam "Montpellier"]
[WhiteTeamCountry "FRA"]
[BlackTeamCountry "FRA"]

1. e4 d6 2. d4 Nf6 3. Nc3 e5 4. Nf3 Nbd7 5. Bc4 Be7 6. 0-0 0-0 7. Bg5 c6 8. dxe5 dxe5 9. a4 a5 10. Qe2 Qc7 11. Rad1 Nc5 12. h3 Nh5 13. Be3 Ne6 14. Nd2 Nhf4 15. Qf3 Ng5 16. Qg3 Be6 17. Rfe1 h6 18. h4 Nh5 19. Qh2 Nh7 20. Bxe6 fxe6 21. Nc4 Bf6 22. Bc5 Rfd8 23. Bd6 Qf7 24. Nxe5 Bxe5 25. Qxe5 N5f6 26. Qf4 Qh5 27. Rd3 Nf8 28. g3 Ng6 29. Qe3 Rd7 30. Red1 Rf7 31. f4 Ng4 32. Qf3 Kh7 33. Rf1 Rd8 34. f5 exf5 35. exf5 N6e5 36. Bxe5 Rxd3 37. cxd3 Re7 38. d4 c5 39. Nd5 1-0

[Event "FRA-ch U20"]
[Site "Aix les Bains"]
[Date "2006.04.??"]
[Round "1"]
[White "Rapon, Karl Loic"]
[Black "Zharkov, Hleb"]
[Result "1/2-1/2"]
[WhiteElo "1890"]
[BlackElo "2214"]
[PlyCount "111"]
[EventDate "2006.04.??"]
[EventType "swiss"]
[EventRounds "8"]
[EventCountry "FRA"]
[SourceTitle "EXT 2007"]
[Source "ChessBase"]
[SourceDate "2006.11.23"]
[SourceVersion "1"]
[SourceVersionDate "2006.11.23"]
[SourceQuality "1"]

1. c4 e5 2. Nc3 Nf6 3. g3 h6 4. Bg2 Nc6 5. e3 Bb4 6. Nge2 0-0 7. 0-0 d6 8. Nd5 Nxd5 9. cxd5 Ne7 10. Qa4 Bc5 11. d4 exd4 12. Nxd4 a5 13. Bd2 Bd7 14. Qc4 Qc8 15. b4 axb4 16. Bxb4 b6 17. Rfc1 Bh3 18. a4 Bxg2 19. Kxg2 Bxb4 20. Qxb4 Nxd5 21. Qc4 Qb7 22. Qc6 Qxc6 23. Rxc6 Ra5 24. Nb5 Rfa8 25. Nxc7 Nxc7 26. Rxc7 b5 27. Rb1 bxa4 28. Rbb7 Rf5 29. Ra7 Ra5 30. Rab7 Rf5 31. Ra7 Rb8 32. Rxa4 Rb2 33. Rf4 Rxf4 34. gxf4 g6 35. Rc4 Rd2 36. h4 h5 37. Ra4 Kg7 38. Ra5 d5 39. Ra4 Kf6 40. Ra6+ Kg7 41. Ra4 Rc2 42. Rd4 Rc5 43. Ra4 Rc4 44. Ra1 d4 45. Rd1 dxe3 46. fxe3 Kf6 47. Kf3 Rc2 48. Rh1 Ke6 49. Ra1 Rc6 50. Rd1 Rb6 51. Rc1 Rb2 52. Ra1 Rd2 53. Ra6+ Ke7 54. Ra7+ Kf6 55. Ra6+ Kg7 56. Ra1 1/2-1/2

[Event "Mont de Marsan op"]
[Site "Mont de Marsan"]
[Date "2005.12.29"]
[Round "7"]
[White "Zharkov, Hleb"]
[Black "Forgues, Fabien"]
[Result "0-1"]
[WhiteElo "2235"]
[BlackElo "2113"]
[PlyCount "92"]
[EventDate "2005.12.26"]
[EventType "swiss"]
[EventRounds "7"]
[EventCountry "FRA"]
[SourceTitle "CBM 110 Extra"]
[Source "ChessBase"]
[SourceDate "2006.03.10"]
[SourceVersion "2"]
[SourceVersionDate "2006.03.10"]
[SourceQuality "1"]

1. d4 d5 2. Nf3 Bf5 3. c4 e6 4. Qb3 Nc6 5. c5 Rb8 6. Bf4 f6 7. e3 g5 8. Bg3 Bg7 9. Bd3 Nge7 10. Bxf5 Nxf5 11. Nc3 Qd7 12. 0-0 0-0 13. Rad1 Kh8 14. Rfe1 Nce7 15. Qc2 Ng6 16. e4 Nxg3 17. hxg3 c6 18. b4 g4 19. Nh4 Nxh4 20. gxh4 f5 21. e5 g3 22. fxg3 Bh6 23. Rd3 Rg8 24. Ne2 Rg4 25. Rf1 Rbg8 26. Rf2 Qe7 27. Qc3 Qg7 28. Kf1 Qg6 29. Ke1 Qh5 30. Kd1 f4 31. Kc2 fxg3 32. Rf6 Rxh4 33. Nxg3 Qg5 34. Kb3 Rg4 35. Ne2 Bg7 36. Rff3 Rxg2 37. Rg3 Rxg3 38. Rxg3 Qf5 39. Qe3 Qb1+ 40. Ka3 a5 41. bxa5 Ra8 42. Qd2 Bh6 43. Qc3 Qb5 44. Qb4 Qxe2 45. Rb3 Bc1+ 46. Ka4 Qxa2+ 0-1

[Event "Mont de Marsan op"]
[Site "Mont de Marsan"]
[Date "2005.12.28"]
[Round "5"]
[White "Meynard, Thibault"]
[Black "Zharkov, Hleb"]
[Result "1-0"]
[WhiteElo "2227"]
[BlackElo "2235"]
[PlyCount "101"]
[EventDate "2005.12.26"]
[EventType "swiss"]
[EventRounds "7"]
[EventCountry "FRA"]
[SourceTitle "CBM 110 Extra"]
[Source "ChessBase"]
[SourceDate "2006.03.10"]
[SourceVersion "2"]
[SourceVersionDate "2006.03.10"]
[SourceQuality "1"]

1. d4 d5 2. c4 c6 3. Nf3 Nf6 4. e3 e6 5. Qc2 Nbd7 6. b3 Ne4 7. a3 Bd6 8. Bb2 0-0 9. Bd3 f5 10. Nc3 Ndf6 11. Ne2 Bd7 12. 0-0 Ng4 13. h3 Nh6 14. Ne5 Bxe5 15. dxe5 Qh4 16. Nf4 Rac8 17. b4 Nf7 18. Qe2 Nh8 19. g3 Qe7 20. h4 g5 21. hxg5 Be8 22. Kg2 Bg6 23. Rh1 Nxg5 24. Rh4 Kf7 25. Rah1 Ke8 26. cxd5 cxd5 27. Bd4 b6 28. Qd1 Kd8 29. Qb3 Nhf7 30. g4 Qc7 31. Qb2 Qb8 32. a4 Re8 33. Ba6 Rc7 34. Bb5 Rf8 35. Qb3 Qb7 36. Qd3 Qc8 37. Rd1 Rc2 38. Rd2 Rxd2 39. Qxd2 Ke7 40. Rh1 Qb8 41. Qb2 Rc8 42. Ba6 Rc6 43. Bb5 Rc8 44. a5 bxa5 45. bxa5 Kf8 46. a6 Qc7 47. Ne2 f4 48. Rc1 Bc2 49. exf4 Nf3 50. Kxf3 Ng5+ 51. fxg5 1-0